000 01187nam0a22002771 4500
001 v19\rc\1406967
005 20260504062627.0
035 _a(NLR Aleph) 004536300
090 _a1941747
_c1941747
100 _a20060512d1875 |||y0rusy50 ca
101 0 _arus
102 _aRU
105 _ay z |||||
200 1 _aВопросы для Новороссийского университета [по уставу рос. университетов
210 _aСанкт-Петербург]
_cтип. В.С. Балашева
_d[1875]
215 _a10 с.
_d22
309 _aБез тит. л. и обл.
532 1 2 _aВопросы для Новороссийского университета по уставу российских университетов
712 0 2 _aНовороссийский университет
_cОдесса
_3RU\NLR\AUTH\889939169
_9373216
712 0 1 _aРоссия
_bКомиссия по пересмотру университетского устава
_3RU\NLR\AUTH\889936751
_9368296
801 0 _aRU
_bNLR
_gpsbo
801 0 _aRU
_bRuMoRGB
_2psbo
801 1 _aRU
_bProSoft-M
_2rusmarc
852 _aNLR
_j135/286(144)
942 _cBOOK
980 _aNB